000 00223nam a22000857a 4500
001 1235353
005 20250930125733.0
245 _aBABANNEMİN İÇİNE UZAYLI KAÇTI
_cSEVGİ SAYGI
260 _bGÜNIŞIĞI KİTAPLIĞI YAYINLARI
999 _c1235353
_d1235353